00552nmm a2200193Ia 4500008004100000020001800041041000800059100001700067245004100084264004500125300001800170650003200188700001700220700002300237700002300260856005100283942000700334999001700341251105s9999||||xx |||||||||||||||||und|| a9788494263866 aspa aPala, Giaime 0aGramsci: y la sociedad intercultural a[Madrid, España] :bMontesinos, c2014 a288 páginas aPolitical Science (General) aPala, Giaime1 a Firenze, Antonino1 a Mir Garcia, Jordi uhttps://public.digitaliapublishing.com/a/60064 cCF c69678d69678